书目信息 |
| 题名: |
德育的理论与实践
|
|
| 作者: | 周之良 主编 | |
| 分册: | ||
| 出版信息: | 北京 北京师范大学出版社 1996 |
|
| 页数: | 345页 | |
| 开本: | 20cm | |
| 丛书名: | ||
| 单 册: | ||
| 中图分类: | G410 | |
| 科图分类: | ||
| 主题词: | 思想政治教育--学校教育 , 德育--学校教育 | |
| 电子资源: | ||
| ISBN: | 7-303-04161-3 | |
| 000 | 00598nam0 2200205 450 | |
| 001 | 0761100014 | |
| 005 | 20070708084538.93 | |
| 010 | @a7-303-04161-3@dCNY14.65 | |
| 100 | @a20070707d1996 km y0chiy0120 ea | |
| 101 | 0 | @achi |
| 102 | @aCN@b110000 | |
| 200 | 1 | @a德育的理论与实践@Ade yu de li lun yu shi jian@f周之良主编@Fzhou zhi liang zhu bian |
| 210 | @a北京@c北京师范大学出版社@d1996 | |
| 215 | @a345页@d20cm | |
| 606 | 0 | @a思想政治教育--学校教育 |
| 606 | 0 | @a德育--学校教育 |
| 690 | @aG410@v3 | |
| 701 | 0 | @a周之良@Azhou zhi liang@4主编 |
| 801 | 0 | @aCN@bPFT@c20070708 |
| 905 | @a10447@dG410@e26 | |
| 德育的理论与实践/周之良主编.-北京:北京师范大学出版社,1996 |
| 345页;20cm |
| ISBN 7-303-04161-3:CNY14.65 |
| ● |
| 相关链接 |
|
|
|
|
正题名:德育的理论与实践
索取号:G410/26
 
预约/预借
| 序号 | 登录号 | 条形码 | 馆藏地/架位号 | 状态 | 备注 |
| 1 | 0765781 | 207657819 | 第一样本阅览室/ [索取号:G410/26] | 在馆 |